Táblás házak a szabadtérin

Elmentve itt :
Bibliográfiai részletek
Dokumentumtípus: Cikk
Megjelent: 1977-07-29
Sorozat:Délmagyarország 67 No. 177
Kulcsszavak:Szabadtéri Játékok
Online Access:http://dmarchiv.bibl.u-szeged.hu/123013
LEADER 00408nab a2200145 i 4500
001 delm123013
005 20190528111804.0
008 190528s1977 hu o 0|| hun d
040 |a SZTE Délmagyarország Archívum  |b hun 
041 |a hun 
245 0 0 |a Táblás házak a szabadtérin  |h [elektronikus dokumentum] 
260 |c 1977-07-29 
300 |a 5 
490 0 |a Délmagyarország  |v 67 No. 177 
695 |a Szabadtéri Játékok